02796nam a2200361uu 4500001000800000005001700008008004100025035001200066040001300078041000800091082000800099100006500107245010100172260003900273300004300312505131600355520018501671650001701856650003901873650003301912650002801945650003601973650003402009650003802043650003702081700005702118700005202175942001002227999001902237502001102256526000702267952016002274152096620260508093527.0190314s2004 ||||||m| spa  a1520966 ccomduadb aspa 4a62010aEchavarría Velásquez, Alejandro Iván4auteaut923847910aEstudio del mecanismo de interacción entre el cobre puro y los vapores de ácido propiónico aMedellín :bAutores (as),c2004. axxxii, 241 páginas :bilustraciones. aCONTENIDO : Introducción. -- I. Estado del arte. -- La corrosión atmosférica. -- La interacción atmosférica entre el cobre y los ácidos orgánicos. -- Los ácidos carboxílicos en la atmósfera. -- El cobre. -- Las pátinas de cobre. -- La corrosión atmosférica de los metales por ácidos orgánicos. -- II. Procedimiento experimental. -- Ensayo en condiciones dinámicas. -- Ensayo en condiciones estáticas. -- Obtención de compuestos ex situ. -- Técnicas de caracterización de los productos de corrosión. -- III. Resultados experimentales. -- Cobre expuesto en condiciones dinámicas. -- Cobre expuesto en condiciones estáticas. -- Caracterización de compuestos ex situ. -- IV. Análisis de resultados. -- Análisis de los resultados de las técnicas electroquímicas. -- Efecto de las diferentes variables ambientales en el deterioro del cobre en ambientes de ácido propiónico. -- Propuesta de un mecanismo de interacción entre el cobre puro y los vapores de ácido propiónico. -- Confrontación con modelos previos de interacción del cobre en ambientes de ácidos orgánicos. -- V. Conclusiones. -- VI. Realizaciones del presente trabajo de investigación. -- VII. Recomendaciones para futuras investigaciones. -- VIII. Referencias bibliográficas.3 a"El objetivo de este estudio es proponer el mecanismo de interacción entre el cobre puro y los vapores de ácido propiónico en ambientes con diferentes grados de agresividad." aCobre910066 7aCorrosión del cobre2lemb925370 aÁcido propiónico9102419 aHumedad relativa949483 aCorrosión atmosférica98844 aCompuestos orgánicos941504 7aÁcidos orgánicos2lemb941695 aProductos de corrosión910416110aEchavarría Echavarría, Félix4thseths977797310aBastidas Rull, José María4thseths9399965 cTESIS c800563d800563 b91c10 a91 001040708TESISBCaBCbBCd2019-03-14eMaterial adquirido por donacióniC1308420l0o620.11223 E18p01048187r2023-05-04 00:00:00t1w2023-05-04yTESIS